[Event "EU-Cup 20th"]
[Site "Izmir"]
[Date "2004.10.04"]
[Round "2.5"]
[White "Horvath, Jozsef"]
[Black "Marciano, David"]
[Result "1/2-1/2"]
[WhiteElo "2508"]
[BlackElo "2512"]
[Annotator "Ribli,Z"]
[PlyCount "151"]
[EventDate "2004.10.03"]
[EventType "team-swiss"]
[EventRounds "7"]
[EventCountry "TUR"]
[SourceTitle "CBM 104"]
[Source "ChessBase"]
[SourceDate "2005.01.27"]
[SourceVersion "1"]
[SourceVersionDate "2005.01.27"]
[SourceQuality "1"]
[WhiteTeam "Zalaegerszeg"]
[BlackTeam "Monaco"]
[WhiteTeamCountry "HUN"]
[BlackTeamCountry "MNC"]

1. d4 d5 2. c4 e6 3. Nf3 Nf6 4. Nc3 Be7 5. g3 dxc4 6. Bg2 O-O 7. Ne5 c5 8. dxc5
Qxd1+ (8... Qc7 9. Nxc4 {'+/='} (9. Nxc4 $14) 9... Qxc5 10. Qb3 Nc6 11. Be3 Nd4
12. Bxd4 Qxd4 13. O-O Bd7 14. Rfd1 Qc5 15. Rac1 {1-0 Horvath,J-Casagrande,H/
Austria 1997/CBM 57 ext (29)}) 9. Nxd1 Bxc5 10. Bd2 (10. Nxc4 Bb4+ $11) 10...
Nc6 (10... Na6 11. Rc1 Rb8 12. Nxc4 Nd5 13. a3 Bd7 14. Ne5 Be8 15. Nc3 Nxc3 16.
Bxc3 Bb5 17. Rd1 Rfc8 18. Nd7 Bxd7 19. Rxd7 Bxa3 20. O-O Bf8 21. Rxb7 {1-0
Horvath,J-Schroll,G/Graz AUT 2001/ (37)}) 11. Nxc4 Bd7 (11... Nd5 $1) 12. Nc3
Rab8 13. Bf4 Rbc8 (13... e5 14. Nxe5 Nxe5 15. Bxe5 Bxf2+ 16. Kf1 $1 $18 {
Nach diesem Zug gewinnt Weiß Material - Schwarz hat diese Möglichkeit
übersehen, als er 12..Rab8 spielte.} (16. Kxf2 $2 Ng4+ $15)) 14. O-O {'+/='
Weiß hat eine bequeme Stellung, seine Figuren stehen sehr aktiv, besonders der
g2B. Ich muss auch anmerken, dass der d6-Punkt eine positionelle Schwächung
der schwarzen Stellung ist.} (14. Bd6 $5 Bxd6 15. Nxd6 Rb8 16. O-O-O $16) 14...
Rfd8 15. Nd6 (15. Rfd1) 15... Bxd6 16. Bxd6 {Weiß hat das Läuferpaar und einen
kleinen, aber dauerhaften Positionsvorteil.} Be8 17. Rfd1 Rd7 {'!' Schwarz
möchte auf der d-Linie verdoppeln und die Türme tauschen.} 18. Rac1 (18. e4 Ng4
$14) (18. Rd3 Na5 $14) 18... Rcd8 19. Bxc6 (19. Bc5 $14) 19... bxc6 20. Be7
Rxd1+ 21. Nxd1 Rd5 22. Bxf6 gxf6 23. Kf1 Kf8 24. Ke1 Ke7 25. Rc4 Rh5 26. h4 {
'?' Ein schablonenhafter Zug, wonach sich Schwarz besser verteidigen kann.} (
26. Ra4 $1 Rxh2 (26... a5 27. h4 $16) 27. Rxa7+ $16) 26... Ra5 27. Nc3 c5 28.
Rg4 Kf8 29. Kd2 f5 {'+/='} 30. Rc4 Ke7 31. a3 Bd7 (31... Bc6) 32. e4 e5 33.
exf5 Bxf5 34. Ne4 Bxe4 35. Rxe4 Ke6 36. f4 f6 37. fxe5 fxe5 {Weiß hat einen
kleinen Vorteil im Turmendspiel, weil der a5R passiv steht, aber Schwarz hat
gute Remischancen.} 38. Rg4 Kf6 39. Rg5 (39. Rg8) 39... Rb5 40. Kc3 c4 {
'?' Dieser scheinbar aktive Zug verliert eigentlich einen Bauern.} (40... Rb7
41. g4 $14) 41. Rh5 Rb3+ 42. Kxc4 Rxb2 (42... Rxg3 43. Rxh7 $16) 43. Rxh7 Rg2
44. Rxa7 Rxg3 45. h5 {Jetzt ist der weiße h-Bauer sehr gefährlich für Schwarz.}
Rg8 (45... Rh3 46. h6 $18) 46. h6 Rd8 47. h7 e4 48. Rd7 (48. Ra6+ Kg7 49. Re6
Rc8+ $1 $11) 48... Re8 49. Rd2 {Der weiße Turm muss zurückgehen, er muss den
e-Bauern blockieren.} Kg7 50. Rh2 {Jetzt lautet die weiße Drohung 51.h8Q+ mit
sofortigem Gewinn.} Kh8 51. Kd4 e3 52. Re2 Rd8+ 53. Ke4 (53. Kxe3 Kxh7 54. a4
Kg6 55. Ra2 Kf5 $11) 53... Kxh7 54. Rxe3 Kg6 55. Rf3 {Der Turm verschneidet
den gegnerische Koenig.} Ra8 56. Ke5 Ra5+ 57. Kd4 Ra8 58. Kc5 Kg5 59. Kb4 Rb8+
60. Kc4 Rc8+ 61. Kb3 Rb8+ 62. Ka2 {Weiß muss mit dem König zurückgehen, sonst
er kann sich nicht gegen die Turmschachs verteidigen.} Ra8 63. Rf2 Kg6 64. Rf1
Kg5 65. Kb3 Rb8+ 66. Kc4 Ra8 67. Kb4 Rb8+ 68. Kc5 Ra8 69. Ra1 {Der Turm steht
gut auf a1, jetzt kann Weiß schon a3-a4-a5 usw. spielen.} Kf6 70. a4 Ke7 (70...
Rc8+ $2 71. Kb6 Rb8+ 72. Kc7 $18) 71. Kb5 Kd8 72. a5 {'?'} (72. Kb6) 72... Kc8
{'='} 73. a6 Kb8 74. Kb6 Ra7 75. Rh1 Rb7+ 76. axb7 1/2-1/2

[Event "Abu Dhabi op 14th"]
[Site "Abu Dhabi"]
[Date "2004.08.14"]
[Round "1"]
[White "Harikrishna, Pentala"]
[Black "Mohota, Nisha"]
[Result "1-0"]
[WhiteElo "2609"]
[BlackElo "2331"]
[Annotator "Ribli,Z"]
[PlyCount "97"]
[EventDate "2004.08.14"]
[EventType "swiss"]
[EventRounds "9"]
[EventCountry "UAE"]
[SourceTitle "CBM 103"]
[Source "ChessBase"]
[SourceDate "2004.11.11"]
[SourceVersion "1"]
[SourceVersionDate "2004.11.11"]
[SourceQuality "1"]

1. d4 d5 2. c4 e6 3. Nf3 Nf6 4. g3 Be7 5. Bg2 O-O 6. Qc2 c5 {Das ist die
richtige Antwort, im Falle von 6...dxc4?! kommt entweder 7.Qxc4 a6 8.Bf4, oder
7.Nbd2 mit weissem Positionsvorteil.} 7. O-O (7. dxc5 Qa5+ 8. Qc3 Qxc5 9. cxd5
Nxd5 10. Qxc5 Bxc5 $11) 7... cxd4 8. Nxd4 Nc6 9. Nxc6 bxc6 10. b3 {Weiss kann
seinen zweiten Läufer auf die andere lange Diagonale entwickeln. Anzumerken
ist, dass Weiss eigentlich die Gruenfeld-Indische Verteidigung im Anzug spielt,
aber mit Tempoplus.} Ba6 (10... Bb7 11. Bb2 Qb6 12. Nc3 dxc4 13. Na4 Qa6 14.
Qxc4 Qxc4 15. bxc4 Rfd8 16. Rab1 Rd7 17. Bc3 Rc8 18. Bb4 Ba6 19. Bxe7 Rxe7 20.
Rfc1 $14 {1/2-1/2 Horvath,J-Saric,A/Split 2003/EXT 2004 (46)}) 11. Nd2 (11. Rd1
Qb6 12. Nd2 Ng4 13. e3 Bf6 14. Rb1 Ne5 15. Ba3 Rad8 16. Nf3 Nxf3+ 17. Bxf3 Qa5
18. Bb2 Qxa2 19. Ra1 Qxb2 20. Qxb2 Bxb2 21. Rxa6 Rc8 {1/2-1/2 Khalil,I-Saleh,N/
Abu Dhabi 2004/CBM 103(42)}) 11... Rc8 (11... Bb7 12. Bb2 Qb6 13. Rac1 Rac8 14.
e4 a5 15. c5 Qb5 16. Rfe1 Ba6 {1/2-1/2 Tukmakov,V-Dautov,R/Budapest 1996/CBM
56 (16)}) 12. Bb2 Qa5 $6 {Dieser Zug gefällt mir nicht, die Dame steht auf a5
nicht gut, besser erscheint die Alternative 12...Qb6, wonach die Stellung
ungefähr gleich ist.} (12... Qb6 $5 13. Rad1 (13. Rac1 Rfd8 14. e3 Nd7 15. Rfd1
Bb7 16. Nf3 c5 17. Ne5 Nxe5 18. Bxe5 d4 {0-1 Gulko,B-Karpov,A/Thessaloniki
1988/TD (57)}) 13... Rfd8 14. Rfe1 Bc5 15. e3 Nd7 16. a3 Be7 17. b4 {1/2-1/2
Vilela,J-Rizouk,A/Albacete 2002/EXT 2003 (17)}) (12... d4 13. Rfe1 (13. Nf3 c5
14. Rfe1 Qc7 15. e3 e5 16. exd4 exd4 17. Bc1 Bb7 18. Bf4 Qd8 19. Rad1 Bxf3 20.
Bxf3 {1-0 Stohl,I-Muir,A/Pula 1997/CBM 57 ext (40)}) 13... c5 14. e3 e5 15. Nf3
Bd6 16. Rad1 Re8 17. exd4 cxd4 (17... exd4) 18. Ng5 g6 $6 (18... Qb6) 19. f4 $1
Bc5 20. Qd2 $1 Qb6 21. fxe5 Bb4 22. Qf2 $18 {1-0 Ivanchuk,V-Kramnik,V/Monte
Carlo 1998/CBM 63 ext (29)}) 13. Rfd1 Qb6 14. e3 Rfd8 15. Rac1 $14 {[%csl Gb2,
Gg2][%cal Gg2a8,Gb2h8] Weiss hat zwei gute Läufer auf den grossen Diagonalen,
und obwohl die schwarze Stellung fest ist, hat es Schwarz nicht leicht,
aktives Gegenspiel finden.} Bc5 16. Nf3 Ne4 17. Bd4 (17. Ne5 $14) 17... h6 {
Auf diese Weise öffnet Schwarz die Grundreihe, meiner Meinung nach wäre aber
der sofortige Läufertausch auf d4 logischer.} (17... Bxd4 $5 18. Nxd4 (18. exd4
c5 $11) 18... c5 19. cxd5 cxd4 (19... exd5 20. Nf5 $14) 20. Qxe4 Rxc1 21. Rxc1
Rxd5 22. Qf4 Rd8 23. exd4 Rxd4 $11) 18. Ne5 Bxd4 19. exd4 Nf6 20. c5 {[%mdl 32]
Mit diesem Zug bekommt Weiss nachhaltigen Raumvorteil am Damenflügel.} Qb8 21.
Re1 Nd7 {Schwarz muss den starken e5-Springer möglichst abtauschen.} 22. Qd2 (
22. Qc3 Nxe5 23. Rxe5 $14) 22... Nxe5 23. Rxe5 Rc7 24. Rce1 Qb5 25. g4 $5 {
[%cal Gh2h4,Gg4g5] Der Raumvorteil gibt Weiss freie Hand, im folgenden möchte
er mit 26.h4 und 27.g5 einen Angriff am Königsflügel führen.} Qb8 26. h4 Bc8
27. g5 hxg5 (27... h5 28. g6 fxg6 29. Qg5 $16) 28. hxg5 f6 29. R5e3 fxg5 30.
Rg3 {[%csl Rg5][%cal Ge1e5,Ge5g5] Weiss gewinnt den g5-Bauern bei besserem
Spiel zurück.} Rf7 31. Re5 Qc7 32. Rexg5 Rdf8 33. Bf1 $1 {[%cal Gb3b4,Gb4b5]
Weiss verbessert seine Läuferstellung und möchte im folgenden den Plan
b2-b4-b5 durchführen.} (33. f3 $14) (33. a3 $14) 33... Rxf2 34. Rxg7+ $1 $16 {
Mit dieser Vereinfachung bekommt Weiss eigentlich ein sehr chancenreiches
Läuferendspiel.} (34. Qxf2 Rxf2 35. Rxg7+ (35. Kxf2 $2 Qf4+) 35... Qxg7 36.
Kxf2 {wäre nur Zugumstellung zur Partiefortsetzung.}) 34... Qxg7 35. Qxf2 Rxf2
36. Kxf2 a5 (36... Qxg3+ 37. Kxg3 Kf7 38. Kf4 Kf6 39. b4 $18 {[%cal Ga2a4,
Gb4b5]}) 37. a3 Kf7 38. Rxg7+ Kxg7 39. Ke3 {[%mdl 4096]} Kf6 40. Kf4 {[%csl
Gf4][%cal Gb3b4,Gb4b5] Die schwarzen Bauern (c6,d5,e6) sind auf den weissen
Feldern festgelegt und der c8B ist eingeschlossen. Der weisse König steht sehr
aktiv auf f4 und Schwarz kann gegen b4-b5 eigentlich nichts machen. Nur mit
den besten und einzigen Zügen könnte Schwarz das Remis halten.} Bb7 $6 {
Dieser Wartezug ist schon schlecht - Schwarz müsste seinen Läufer auf d7
halten, um den Vorstoß b4-b5 zu verhindern, denn bei der Läuferstellung auf b7
kann Weiss b4-b5 durchsetzen.} (40... Bd7 $142 $1 41. Ba6 Be8 42. b4 axb4 43.
axb4 Bd7 44. Bb7 Be8 (44... Ke7 $2 45. Ke5 Be8 46. b5 cxb5 47. c6 b4 (47... Kd8
48. Kd6 $18) 48. c7 Bd7 49. c8=Q Bxc8 50. Bxc8 b3 51. Bxe6 b2 52. Bf5 $18) 45.
Bc8 $1 (45. b5 cxb5 46. c6 b4 47. c7 Bd7 48. c8=Q Bxc8 49. Bxc8 b3 50. Ba6 b2
51. Bd3 Ke7 52. Ke5 Kd7 $11 {Weiss hat eine Figur mehr, aber es geht nicht
weiter.}) 45... Ke7 (45... Bf7 46. Bd7 $18) 46. Ke5 Bf7 47. Bb7 (47. b5 cxb5
48. c6 Kd8 49. Ba6 Kc7 50. Bxb5 Bh5 51. Kxe6 Bf3 $11) 47... Kd7 (47... Be8 48.
b5 cxb5 49. c6 b4 50. c7 Bd7 51. c8=Q Bxc8 52. Bxc8 b3 53. Bxe6 b2 54. Bf5 $18)
48. Ba6 Bh5 49. b5 cxb5 50. Bxb5+ Kc7 51. Kxe6 Bf3 52. Ke5 Be4 $11) 41. b4 axb4
42. axb4 Bc8 43. b5 Bd7 44. bxc6 $1 (44. b6 Bc8 45. Ke3 e5 46. Bh3 Bb7 $11)
44... Bxc6 45. Ba6 Kf7 $2 (45... Bd7 $2 46. Bb7 $18 {[%cal Gc5c6,Gc6c7]}) (
45... Ba8 $2 46. Bb5 Bb7 47. c6 Bc8 48. Bd3 Ke7 49. Ke5 $18) (45... Ke7 $1 46.
Ke5 Kd7 (46... Be8 $2 47. Bc8 Bf7 48. c6 $18) (46... Ba4 $2 47. Bc8 $18) 47.
Be2 {[%cal Re2g4,Rg4e6]} Ba4 $1 (47... Ke7 $2 48. Bg4 Bd7 49. Bh3 Bc8 50. c6
$18) 48. Bg4 Bb3 49. Bxe6+ Kc6 50. Bf7 Bc4 $11 {Weiss hat einen Bauern mehr,
ist aber nicht in der Lage, seinen Vorteil zu verwerten.}) 46. Ke5 $18 Ke7 47.
Bc8 Bd7 48. Bxd7 Kxd7 49. Kf6 $22 1-0

[Event "WchT 6th"]
[Site "Beersheba"]
[Date "2005.11.09"]
[Round "8.2"]
[White "Avrukh, Boris"]
[Black "Ponomariov, Ruslan"]
[Result "0-1"]
[WhiteElo "2653"]
[BlackElo "2704"]
[Annotator "Ribli,Z"]
[PlyCount "66"]
[EventDate "2005.11.01"]
[EventType "team-tourn"]
[EventRounds "9"]
[EventCountry "ISR"]
[SourceTitle "CBM 110"]
[Source "ChessBase"]
[SourceDate "2006.01.31"]
[SourceVersion "1"]
[SourceVersionDate "2006.01.31"]
[SourceQuality "1"]
[WhiteTeam "Israel"]
[BlackTeam "Ukraine"]
[WhiteTeamCountry "ISR"]
[BlackTeamCountry "UKR"]

1. d4 Nf6 2. c4 e6 3. g3 d5 4. Nf3 Bb4+ {Diese Variante ist sehr populär in
Großmeisterturnieren.} 5. Bd2 Be7 6. Bg2 O-O 7. O-O c6 {Schwarz spielt die
geschlossene Variante und der weiße Läufer auf d2 steht weniger gut, da die
Zugfolge b3 gefolgt von Bb2 nun unmöglich ist.} 8. Bf4 b6 9. Nc3 Ba6 (9... Bb7
10. Rc1 Nh5 11. Bxb8 Qxb8 $5 12. Ne5 Nf6 13. e3 Rd8 14. cxd5 cxd5 15. f4 g6 16.
g4 Nd7 17. Qe1 {1/2-1/2 Khalifman,A-Adams,M/Izmir 2004/CBM 104}) 10. cxd5 cxd5
11. Ne5 {Dieser Springerzug ist eine natürliche Fortsetzung, aber die
Alternative 11.Rc1 kommt ebenfalls in Betracht.} (11. Rc1 Nc6 $6 (11... Bb7 $5
12. Nb5 a6 13. Nc7 Ra7 14. Qa4 Ne4 15. Nb5 Ra8 16. Nc3 b5 17. Qd1 Nc6 18. Ne5 {
1/2-1/2 Prusikin,M-Gyimesi,Z/Miskolc 2004/(18)}) 12. Nxd5 Qxd5 13. Ne5 Nxd4 $8
14. Bxd5 Nxe2+ 15. Qxe2 $1 Bxe2 16. Bxa8 Rxa8 17. Rfe1 Bb5 18. Rc2 $1 Nd5 19.
Rec1 Ba6 (19... Bc5 20. Bd2 f6 21. b4 $1 Bf8 22. Ng4 {1-0 Ponomariov,R-Topalov,
V/Sofia 2005/CBM 107/[Ribli] (40)}) 20. Bd2 f6 21. Nc4 $1 $14 Rd8 22. a3 Kf7
23. Ne3 {1-0 Kramnik,V-Topalov,V/Dortmund 2005/CBM 108/[Ribli Zoltan] (41)})
11... Bb7 12. Rc1 Nbd7 13. Nb5 {Einfacher ist wohl die Alternative 13.Qa4, die
zu einer ausgeglichenen Stellung führt..} (13. Qa4 Nxe5 14. Bxe5 a6 (14... Ng4
15. Bf4 a6 16. Qb3 b5 17. Na4 $1 Rc8 18. Nc5 Bxc5 19. dxc5 e5 20. Bh3 $36) 15.
Bc7 Qxc7 16. Nxd5 Qd6 17. Nxf6+ Bxf6 18. Bxb7 Ra7 19. Be4 Qxd4 20. Qxd4 Bxd4
21. e3 Bf6 $11) 13... Nxe5 14. dxe5 $6 {Weiß nimmt den Doppelbauern in Kauf,
da er das d4-Feld mit dem Springer besetzen möchte. Der große Nachteil des
Textzugs ist, dass nun der e5P der Zielpunkt des schwarzen Spiels wird.} (14.
Bxe5 $11) 14... Nd7 (14... Ne4 15. Bxe4 dxe4 16. Qxd8 Bxd8 17. Rfd1 a6 18. Nd6
Bd5 19. a3 f6 20. Rc3 b5 21. h4 {1/2-1/2 Sturua,Z-Rodriguez Cespedes,A/Yerevan
1996/EXT 97 (65)}) 15. h4 {Weiß sichert seine Läuferstellung auf f4, sonst
kann Schwarz immer g7-g5 ziehen.} (15. Nd6 Ba6 16. Qa4 Bxe2 17. Rfe1 Bh5 18.
Nb7 Nc5 19. Nxd8 Nxa4 20. Nc6 Bc5 21. b4 Rfc8 $17) 15... Rc8 16. Qd2 (16. Nxa7
Rc5 17. b4 Rxc1 18. Qxc1 Qa8 19. Qc7 Qxa7 20. Qxd7 Bxb4 21. Rc1 Bc5 $17) 16...
Rc5 17. Nd4 (17. a4 a6 18. Nd6 Ba8 19. b4 Rxc1 20. Rxc1 Nxe5 21. Bxe5 Bxd6 $17)
17... Qb8 {[%csl Re5][%cal Gb8e5]} 18. Qe3 (18. Nf3 $142 Rfc8 19. Rfd1 Qc7 20.
Qd3 $11) 18... Rfc8 $15 {[%cal Gc8c1]} 19. Bh3 {[%cal Gd4e6]} Nf8 $1 {[%csl
Re3,Rf4,Gf8,Rh3][%mdl 256] Der Springer steht gut auf f8; er verteidigt die
schwarze Stellung gegen eventuell Nxe6. Schwarz kontrolliert die c-Linie, weil
die weißen Figuren etwas unglücklich am Königsflügel stehen.} (19... Rxc1 20.
Rxc1 Rxc1+ 21. Qxc1 Nxe5 $4 22. Qe3 Bf6 23. Kf1 {Mit diesem Zug bereitet Weiß
20.Nf3 vor.} h6 24. Nf3 $18) 20. h5 h6 21. Rfd1 Ba6 {[%csl Ga6][%cal Ga6e2]
Mit der Verbeserung der schwarzen Läuferstellung ist ein seltenes Bild in der
Katalanische Verteidigung erreicht, denn der schwarze weißfeldrige Läufer
steht viel aktiver, als sein Kollege auf h3.} 22. b4 $2 (22. Qd2) 22... Rxc1
23. Rxc1 Bxb4 $1 $17 24. Nc6 {[#]} Rxc6 $1 {[%mdl 64] Das ist die Pointe des
schwarzen Spiels, er opfert temporär die Qualität, die er schnell
zurückgewinnt.} 25. Rxc6 Bc5 {[%csl Rc6]} 26. Qb3 (26. Rxc5 bxc5 27. Qxc5 Bxe2
$19) 26... Qb7 (26... Bb7 $17) 27. Qa4 (27. Rd6 Bxd6 28. exd6 Bxe2 $19) 27...
Bxe2 {[%csl Gc5,Ge2,Rh5] Schwarz hat zwei Mehrbauern für die Qualität und die
weißen Figuren sind schlecht koordiniert.} 28. Be3 d4 $19 (28... Bd1 29. Qb5)
29. Bg2 (29. Bf4 Bf3 $19) 29... dxe3 30. Rxc5 Bf3 {[%csl Rc5,Rg1]} 31. Bxf3
Qxf3 {[%csl Ge3,Gf3,Rg1]} 32. Rc8 Qxf2+ 33. Kh1 e2 0-1

[Event "Linares 19th"]
[Site "Linares"]
[Date "2002.03.08"]
[Round "12"]
[White "Ivanchuk, Vassily"]
[Black "Anand, Viswanathan"]
[Result "1/2-1/2"]
[WhiteElo "2717"]
[BlackElo "2757"]
[Annotator "Ribli,Z"]
[PlyCount "45"]
[EventDate "2002.02.22"]
[EventType "tourn"]
[EventRounds "14"]
[EventCountry "ESP"]
[EventCategory "20"]
[SourceTitle "CBM 088"]
[Source "ChessBase"]
[SourceDate "2002.03.21"]
[SourceVersion "1"]
[SourceVersionDate "2002.03.21"]
[SourceQuality "1"]

1. d4 d5 2. Nf3 e6 3. g3 Nf6 4. Bg2 Be7 5. c4 O-O 6. Qc2 {So kann Weiß die
populäre 6.0-0 dxc4 7.Qc2 a6-Variante vermeiden.} c5 {Das ist klar die beste
Möglichkeit für Schwarz - er möchte sofort die Zentrumsstellung klären. Die
schwarze strategische Pointe ist, dass nach} 7. dxc5 (7. cxd5 cxd4 8. dxe6 $6
Bxe6 {der schwarze d4-P zwar isoliert, aber auch sehr stark ist.}) 7... Qa5+ 8.
Nc3 dxc4 9. O-O {Weiß kümmert sich nicht um den c5-Bauern und strebt eine
schnelle Figurenentwicklung an.} (9. Nd2 Qxc5 (9... Nc6 $5 10. Nxc4 Qxc5 11. b3
Nb4 12. Qb1 Nfd5 $11) 10. Na4 Qa5 11. Qxc4 e5 (11... Bd7 $2 12. Bxb7 $1 Bxa4
13. Bxa8 Nbd7 14. Bg2 Ne5 15. Qf4 Nh5 16. Qe3 Bc5 17. b4 $1 $16 {1-0 Horvath,
C-Yu Shaoteng/Budapest 2000/CBM 76/[Ribli] (24)}) (11... Nc6) 12. O-O Nc6 13.
Nb3 Qb4 14. Qxb4 Nxb4 15. Bd2 Bg4 16. Rac1 Bxe2 17. Nbc5 Nd3 18. Nxd3 Bxd3 19.
Rc7 {1-0 Horvath,C-Radocaj,D/Pula 2000/CBM 78 ext (43)}) 9... Nc6 (9... Qxc5
10. Bg5 (10. Be3 Qh5 11. Ne4 Nxe4 12. Qxe4 Nc6 13. Qxc4 e5 14. Rfd1 Be6 15. Qb5
Rab8 16. Rac1 f6 17. Qa4 Qf7 {1/2-1/2 Wojtkiewicz,A-Van Buskirk,C/Philadelphia
2001/EXT 2002 (42)}) (10. Rd1) 10... Bd7 11. Bxf6 Bxf6 12. Ne4 Qe7 13. Qxc4 Bc6
14. Nxf6+ Qxf6 15. Nd4 Bxg2 16. Kxg2 Nd7 17. Rfd1 Nb6 18. Qb3 Rad8 19. Nb5 Nc8
20. a4 h6 21. Rac1 Rxd1 22. Rxd1 Rd8 23. Nc3 {1/2-1/2 Tukmakov,V-Ribli,Z/Bled
2001/EXT 2002 (23)}) 10. Bg5 Qxc5 11. Bxf6 Bxf6 {Das ist die natürliche
Antwort, aber die scharfe Alternative 11..gxf6 kommt auch in Betracht.} (11...
gxf6 12. Ne4 Qb4 $13) 12. Ne4 Qe7 13. Rfd1 {[%cal Gd1d8] Schwarz hat einen
Bauern mehr, aber - wie gewöhnlich in der Katalanischen Eröffnung - hat sein
c8-B Entwicklungsprobleme.} (13. Nfd2 Rd8 14. Nxf6+ Qxf6 15. Ne4 Qe5 16. Rfd1
Bd7 17. Qxc4 Be8 18. Nc5 {1/2-1/2 Adamski,J-Lyrberg,P/Copenhagen 1998/CBM 65
ext (18)}) (13. Nxf6+ Qxf6 14. Nd2 e5 15. Nxc4 Bf5 $15) 13... b5 {Schwarz
verteidigt seinen Plusbauern - wenn er noch zu Bb7 kommt, hätte er eine viel
bessere Stellung.} (13... Rb8 $5 14. Nxf6+ Qxf6 15. Nd2 e5 16. Nxc4 Bf5 $11)
14. a4 Ba6 $146 {Der Läufer steht - auf den ersten Blick - sehr schlecht auf
a6, aber Schwarz verteidigt den b5-Bauern und gleichzeitig entwickelt er den
Läufer.} (14... Rb8 15. axb5 Rxb5 16. Qxc4 Rb6 17. Nxf6+ Qxf6 18. Nd2 Bb7 19.
b3 Ne5 20. Qd4 Bxg2 21. Kxg2 Nc6 22. Qe3 Rfb8 23. Ne4 Qe7 24. Nc5 {1-0
Romanishin,O-Shneider,A/Kherson 1989/CBM 16 (35)}) 15. Nxf6+ (15. Rd6 Rac8 16.
Nxf6+ Qxf6 {Das wäre - mit Zugumstellung - unsere Hauptfortsetzung.}) (15. Nfg5
Bxg5 16. Nxg5 Qxg5 17. Bxc6 Rad8 18. Rxd8 Rxd8 19. axb5 Bxb5 20. Bxb5 Qxb5 21.
Rxa7 $11) 15... Qxf6 16. Rd6 {[%mdl 2048]} (16. Ng5 Qxg5 17. Bxc6 Rad8 18. Rxd8
Rxd8 19. axb5 Bxb5 20. Bxb5 Qxb5 21. Rxa7 $11) 16... Rac8 17. Nd2 Nd4 (17...
Bb7 18. axb5 Nb4 (18... Nd4 19. Rxd4 Bxg2 (19... Qxd4 20. Bxb7 $18) 20. Rf4 $18
(20. Rxc4 $16)) 19. Qc3 Qxc3 20. bxc3 Bxg2 21. Kxg2 Nd5 22. Ra3 $14) (17... Nb4
18. Qc3 Qxc3 19. bxc3 Rfd8 20. Ne4 Rxd6 21. Nxd6 $36) {[#]} 18. Qd1 $13 {
Es scheint, dass Weiß gewinnt, denn es droht 19.Ne4 und es hängt der a6B.} (18.
Qe4 Nf5 19. Rxa6 Qxb2 {[%csl Gb2]} 20. axb5 Qxd2 21. R6a2 $15) 18... Rcd8 $1 {
[%mdl 64]} 19. Ne4 (19. Rxa6 Nb3 $19 {[%cal Rd8d1,Rb3a1]}) 19... Qe5 20. f4 (
20. Rxa6 Nb3 21. Qe1 Nxa1 22. Qxa1 b4 $13) 20... Qxd6 $8 {Schwarz muss die
Dame opfern.} 21. Nxd6 Rxd6 22. e3 Nf5 23. Qe1 {Schwarz hat Turm, Springer und
Bauern gegen die Dame - in dieser sehr zweischneidigen Stellung wurde die
Partie Remis gegeben.} (23. Qe1 bxa4 24. Rxa4 Rb8 $13) 1/2-1/2